Central Library OPAC University of Rajshahi

The Spread of Education in the District of Rajshahi, 1828-1947 / (Record no. 83397)

MARC details
000 -LEADER
fixed length control field 00924nam a2200241 a 4500
001 - CONTROL NUMBER
RUCL Control Number 83397
003 - CONTROL NUMBER IDENTIFIER
rucl marc code BD-RjUL
005 - DATE AND TIME OF LATEST TRANSACTION
control field 20240319102105.0
008 - FIXED-LENGTH DATA ELEMENTS--GENERAL INFORMATION
fixed length control field 240319s2008 bg a|||| m||| 00| 0 eng d
035 ## - SYSTEM CONTROL NUMBER
system control number (BD-RjUL)83397
040 ## - CATALOGING SOURCE
Original cataloging agency BD-RjUL
Language of cataloging eng
Transcribing agency BD-RjUL
Modifying agency BD-RjUL
041 ## - LANGUAGE CODE
Language code of Book eng
082 ## - DEWEY DECIMAL CLASSIFICATION NUMBER
DDC Edition number 23
Classification number 379.54924
Author mark and Year HOS 2008
100 ## - MAIN ENTRY--PERSONAL NAME
Personal name Hossain, Md. Amjad
9 (RLIN) 2028
245 10 - TITLE STATEMENT
Title The Spread of Education in the District of Rajshahi, 1828-1947 /
Statement of responsibility, etc Md. Amjad Hossain ;
Name of Supervisor/Co-Supervisor Supervisor : Mahammad Shafi
260 ## - PUBLICATION, DISTRIBUTION, ETC. (IMPRINT)
Place of publication, distribution, etc Rajshahi :
Name of publisher, distributor, etc institute of Education & Research, University of Rajshahi,
Date of publication, distribution, etc 2008
300 ## - PHYSICAL DESCRIPTION
Pagination xvi, 254 Leaves :
Other physical details ill, ;
Dimensions 29 cm.
502 ## - DISSERTATION NOTE
Dissertation note Thesis (M. Phil.) -- institute of Education & Research, University of Rajshahi, 2008
504 ## - BIBLIOGRAPHY, ETC. NOTE
Bibliography, etc Bibliography : Leaves [220]-227
650 ## - SUBJECT ADDED ENTRY--TOPICAL TERM
Topical term or geographic name as entry element Public Education
Form subdivision 1828-1947
Geographic subdivision District Rajshahi
9 (RLIN) 12409
700 ## - ADDED ENTRY--SUPERVISOR/CO-SUPERVISOR NAME
Personal name Shafi, Mahammad, Supervisor
9 (RLIN) 12410
942 ## - ADDED ENTRY ELEMENTS (KOHA)
Source of classification or shelving scheme Dewey Decimal Classification
Koha item type Theses
Holdings
Source of classification or shelving scheme Damaged status Not for loan Collection code Permanent Location Current Location Shelving location Date of accession Source of acquisition Total Checkouts Full call number Barcode Date last seen Copy number Thesis
Dewey Decimal Classification   Not For Loan Theses Central Library, University of Rajshahi Central Library, University of Rajshahi Documentation Section 26/04/2009 Controller of Exam. R. U.   THE 379.54924 HOS 2008 D2938 19/03/2024 C-I Theses